Beköszöntő
Elmentve itt :
| Szerző: | |
|---|---|
| Dokumentumtípus: | Könyv része |
| Megjelent: |
1990
|
| Sorozat: | Ész, élet, egzisztencia
Egyetem, nevelés, értelmiségi lét |
| Kulcsszavak: | Egzisztencializmus - bevezetés, Értelmiség - bevezetés, Filozófia - bevezetés, Neveléstörténet - bevezetés |
| Tárgyszavak: | |
| Online Access: | http://acta.bibl.u-szeged.hu/9413 |
| LEADER | 00804naa a2200217 i 4500 | ||
|---|---|---|---|
| 001 | acta9413 | ||
| 005 | 20211215151147.0 | ||
| 008 | 161015s1990 hu o 0|| hun d | ||
| 022 | |a 0866-028X | ||
| 040 | |a SZTE Egyetemi Kiadványok Repozitórium |b hun | ||
| 041 | |a hun | ||
| 100 | 1 | |a Csejtei Dezső | |
| 245 | 1 | 0 | |a Beköszöntő |h [elektronikus dokumentum] / |c Csejtei Dezső |
| 260 | |c 1990 | ||
| 300 | |a 3-4 | ||
| 490 | 0 | |a Ész, élet, egzisztencia | |
| 490 | 0 | |a Egyetem, nevelés, értelmiségi lét | |
| 650 | 4 | |a Bölcsészettudományok | |
| 650 | 4 | |a Filozófia, etika és vallástudományok | |
| 695 | |a Egzisztencializmus - bevezetés, Értelmiség - bevezetés, Filozófia - bevezetés, Neveléstörténet - bevezetés | ||
| 856 | 4 | 0 | |u http://acta.bibl.u-szeged.hu/9413/1/esz_001_003-004.pdf |z Dokumentum-elérés |